Current Research in Statistics & Mathematics
Saved in:
| Format: | Serial |
|---|---|
| Language: | English |
| Published: |
Frisco
Opast Publishing Group
|
| Tags: |
No Tags, Be the first to tag this record!
|
MARC
| LEADER | 00000nls a2200000 4500 | ||
|---|---|---|---|
| 001 | 0305398 | ||
| 005 | 20260205134633.6 | ||
| 022 | |a 2994-9459 | ||
| 041 | 0 | |a eng | |
| 044 | |a US | ||
| 245 | 1 | 0 | |a Current Research in Statistics & Mathematics |
| 264 | 1 | |a Frisco |b Opast Publishing Group | |